Online
Catalog

Ensayos sobre la realidad económico-social latinoamericana / (Record no. 13746)

MARC details
000 -CABECERA
campo de control de longitud fija 00989cam a2200217 a 4500
001 - NÚMERO DE CONTROL
campo de control 000014144
005 - FECHA Y HORA DE LA ÚLTIMA TRANSACCIÓN
campo de control 20200929163507.0
008 - DATOS DE LONGITUD FIJA--INFORMACIÓN GENERAL
campo de control de longitud fija 790717s1978 ve b f000 0 spa d
010 ## - NÚMERO DE CONTROL DE LA BIBLIOTECA DEL CONGRESO
Número de control de LC 79105973
020 ## - NÚMERO INTERNACIONAL ESTÁNDAR DEL LIBRO
Condiciones de disponibilidad Bs13.00
040 ## - FUENTE DE LA CATALOGACIÓN
Centro catalogador/agencia de origen DO-SdBNP
Lengua de catalogación spa
Centro/agencia transcriptor BNPHU
082 ## - NÚMERO DE LA CLASIFICACIÓN DECIMAL DEWEY
Número de clasificación xxx
Número de documento/Ítem G491e
100 1# - ENTRADA PRINCIPAL--NOMBRE DE PERSONA
Nombre de persona Gimón Zerpa, José Antonio,
Fechas asociadas al nombre 1950-1976.
9 (RLIN) 31986
245 10 - MENCIÓN DE TÍTULO
Título Ensayos sobre la realidad económico-social latinoamericana /
Mención de responsabilidad, etc. José Antonio Gimón Zerpa.
260 ## - PUBLICACIÓN, DISTRIBUCIÓN, ETC.
Lugar de publicación, distribución, etc. Caracas, (Venezuela) :
Nombre del editor, distribuidor, etc. Universidad Central de Venezuela, Facultad de Ciencias Económicas y Sociales; Instituto de Investigaciones,
Fecha de publicación, distribución, etc. 1978.
300 ## - DESCRIPCIÓN FÍSICA
Extensión 159, [1] p. ;
Dimensiones 19 cm.
490 1# - MENCIÓN DE SERIE
Mención de serie Libros
504 ## - NOTA DE BIBLIOGRAFÍA, ETC.
Nota de bibliografía, etc. Incluye referencias bibliográficas y notas al pie de las páginas
505 0# - NOTA DE CONTENIDO CON FORMATO
Nota de contenido con formato La teoría de la dependencia en América Latina, según Theotonio Dos Santos -- Brasil: 1945-1970 --Teoría del imperialismo (antecedentes) -- Resumen histórico del sector extranjero (Venzuela).
830 #0 - PUNTO DE ACCESO ADICIONAL DE SERIE-TÍTULO UNIFORME
Título uniforme Libros
9 (RLIN) 30631
Holdings
Estado de retiro Estado de pérdida Restricciones de uso No para préstamo Código de colección Localización permanente Ubicación/localización actual Ubicación en estantería Fecha de adquisición Número de inventario Total de préstamos Signatura topográfica completa Código de barras Fecha visto por última vez Precio válido a partir de Tipo de ítem Koha
        Monografías: Libros y Folletos General General En catalogación 04.12.2009 LF1   xxx G491e 14144-10 25.06.2020 25.06.2020 Préstamo en sala

Powered by Koha